000 00279nam a22001097a 4500
008 170112b xxu||||| |||| 00| 0 eng d
020 _a9781416056591
041 _aeng
080 _26TH
_a618.2
245 _aSUCCESS IN PRACTICAL/VOCATIONAL NURSING
_cHILL & HOWLETT
942 _2udc
_cBK
999 _c2822
_d2822